[Event "Canada vs. Cuba"]
[Site "CCCA"]
[Date "2019.07.01"]
[Round "1"]
[White "Bowen, Francois"]
[Black "Toledo García, Manuel"]
[Result "1/2-1/2"]
[WhiteElo "1936"]
[BlackElo "2065"]
[EventDate "2019.07.01"]
[Board "12"]
[WhiteTeam "Canada"]
[BlackTeam "Cuba"]

1.f4 d5 2.Nf3 g6 3.c3 Bg7 4.d3 Nc6 5.Qc2 e5 6.e4 dxe4 7.dxe4 Qe7 8.Bb5 Bd7
9.Bxc6 Bxc6 10.Nxe5 Bxe5 11.fxe5 Qxe5 12.O-O O-O-O 13.Qf2 Qxe4 14.Nd2 Qd5 
15.c4 Qd4 16.Qxd4 Rxd4 17.b4 f6 18.b5 Bd7 19.Nf3 Re4 20.Ng5 fxg5 21.Rf8+ 
Re8 22.Rxe8+ Bxe8 23.Bb2 Nf6 24.Bxf6 Rf8 25.Bxg5 Rf5 26.h4 Bf7 27.g4 Rf3 
28.Kg2 Ra3 29.Rd1 b6 30.Rd8+ Kb7 31.Rd7 Bxc4 32.Bf4 Bxb5 33.Rxc7+ Ka6 34.
Rxh7 Bc6+ 35.Kh2 Rxa2+ 36.Kg3 Ra3+ 37.Kh2 Bf3 38.h5 gxh5 39.gxh5 Bxh5 40.
Rxh5 b5 41.Bd6 Rd3 42.Bb4 Rd4 1/2-1/2

[Event "Canada vs. Cuba"]
[Site "CCCA"]
[Date "2019.07.01"]
[Round "2"]
[White "Toledo García, Manuel"]
[Black "Bowen, Francois"]
[Result "1/2-1/2"]
[WhiteElo "2065"]
[BlackElo "1936"]
[EventDate "2019.07.01"]
[Board "12"]
[WhiteTeam "Cuba"]
[BlackTeam "Canada"]

1.d4 f5 2.Nf3 Nf6 3.c4 e6 4.g3 Be7 5.Bg2 O-O 6.O-O d6 7.Nc3 a5 8.Re1 Ne4 
9.Nd2 Nxc3 10.bxc3 e5 11.Rb1 Nc6 12.e3 Ra7 13.Ba3 Qe8 14.Qe2 Kh8 15.Rb5 
Bd7 16.dxe5 Nxe5 17.Rb2 b6 18.f4 Ng4 19.Qd3 Qc8 20.h3 Nf6 21.e4 Re8 22.Qf1
Nxe4 23.Nxe4 fxe4 24.Rxe4 Bf6 25.Qd3 Rf8 26.Re3 1/2-1/2

[Event "Canada vs. Cuba"]
[Site "CCCA"]
[Date "2019.07.01"]
[Round "1"]
[White "Sereni, Vincent T."]
[Black "Ramos Rodríguez, Pedro I."]
[Result "0-1"]
[WhiteElo "1868"]
[BlackElo "2035"]
[EventDate "2019.07.01"]
[Board "13"]
[WhiteTeam "Canada"]
[BlackTeam "Cuba"]

1.e4 c5 2.Nf3 e6 3.Nc3 a6 4.Be2 Nc6 5.d4 cxd4 6.Nxd4 Qc7 7.Be3 b5 8.f4 Bb7
9.O-O Bc5 10.Qd2 Qb6 11.Rad1 Nge7 12.Bf3 Nxd4 13.Bxd4 Rc8 14.Bxc5 Qxc5+ 
15.Rf2 Rc7 16.a4 b4 17.Na2 a5 18.c3 bxc3 19.Nxc3 Bc6 20.Be2 f5 21.exf5 
Nxf5 22.Nb5 Bxb5 23.axb5 Qb6 24.Ra1 Nd4 25.Bd1 O-O 26.Qxa5 Rb8 27.Qxb6 
Rxb6 28.f5 Nxf5 29.g4 Ne7 30.Ra8+ Rc8 31.Ra7 Rd8 32.Be2 g5 33.Kg2 Ng6 34.
Bf1 Rd6 35.Kg3 Rb8 36.Rc2 Kf7 37.Rcc7 Ke7 38.Rc2 h6 39.Ra1 Rf8 40.Bc4 Rd4 
41.Ra3 Rff4 42.Be2 Rb4 43.h3 Rfd4 44.Bf1 Rd1 45.Rf2 Nf4 46.h4 e5 47.Rc3 e4
48.Ra3 d5 49.h5 d4 50.Rc2 Kd6 51.Be2 Rh1 52.b3 Rg1+ 53.Kh2 Rg2+ 54.Kh1 
Rxe2 55.Ra6+ Ke5 56.Rc5+ Nd5 57.Kg1 Rxb3 58.Ra1 Rg3+ 59.Kh1 Rh3+ 60.Kg1 
Kf4 0-1

[Event "Canada vs. Cuba"]
[Site "CCCA"]
[Date "2019.07.01"]
[Round "2"]
[White "Ramos Rodríguez, Pedro I."]
[Black "Sereni, Vincent T."]
[Result "1-0"]
[WhiteElo "2035"]
[BlackElo "1868"]
[EventDate "2019.07.01"]
[Board "13"]
[WhiteTeam "Cuba"]
[BlackTeam "Canada"]

1.d4 d5 2.c4 e6 3.Nc3 Nf6 4.Bg5 Be7 5.cxd5 exd5 6.e3 O-O 7.Bd3 c5 8.dxc5 
Nbd7 9.Nge2 Nxc5 10.O-O Be6 11.Rc1 Rc8 12.Bb1 h6 13.Bf4 Nce4 14.Be5 Bd6 
15.Bxd6 Nxc3 16.Rxc3 Qxd6 17.Qd4 a5 18.Rfc1 b6 19.h3 Rxc3 20.Qxc3 Kh8 21.
Qd4 Rd8 22.a3 Kg8 23.Bd3 Rc8 24.Rxc8+ Bxc8 25.Nc3 Bb7 26.f3 Qc7 27.Kf2 Bc6
28.b3 Qb8 29.b4 axb4 30.axb4 Qa7 31.Ne2 Qc7 32.Nf4 Bb7 33.Bb5 Bc6 34.Ba6 
Ba8 35.Bb5 Bc6 36.Be2 Bb7 37.Bd1 Qc6 38.Qe5 Ba6 39.Bb3 Bc4 40.Bxc4 dxc4 
41.b5 Qc8 42.Ne2 h5 43.Qd4 Nd7 44.Nf4 Nc5 45.Qxc4 Qd7 46.Nd5 Kh7 47.Kg1 f6
48.Nf4 Qe7 49.Qc2+ Kg8 50.Qd2 Kh7 51.Nxh5 Qe8 52.Nf4 Qxb5 53.Qc2+ Kg8 54.
Kf2 Qa5 55.h4 Qa1 56.h5 Qa7 57.Ng6 Qa8 58.Qb1 Qd8 59.Ke2 Nb7 60.Nf4 Nc5 
61.Qg6 Nd7 62.h6 Qe7 63.Nd5 Qf8 64.f4 b5 65.Kf3 Kh8 66.hxg7+ Qxg7 67.Qh5+ 
Kg8 68.Qe8+ Nf8 69.Ne7+ Kh8 70.Qxf8+ Qxf8 71.Ng6+ Kg8 72.Nxf8 Kxf8 73.Ke4 
b4 74.Kd3 b3 75.g4 Ke7 76.Kc3 1-0

[Event "Canada vs. Cuba"]
[Site "CCCA"]
[Date "2019.07.01"]
[Round "1"]
[White "Sharpe, Sam"]
[Black "Salcedo Mederos, Pablo"]
[Result "1/2-1/2"]
[WhiteElo "2390"]
[BlackElo "2409"]
[EventDate "2019.07.01"]
[Board "2"]
[WhiteTeam "Canada"]
[BlackTeam "Cuba"]

1.d4 Nf6 2.c4 e6 3.Nc3 Bb4 4.Qc2 O-O 5.a3 Bxc3+ 6.Qxc3 b6 7.Bg5 Bb7 8.e3 
d6 9.Ne2 Nbd7 10.Qd3 Qe7 11.Nc3 h6 12.Bh4 Rfd8 13.Rd1 c5 14.d5 exd5 15.
cxd5 a6 16.Be2 b5 17.O-O b4 18.axb4 cxb4 19.Na4 a5 20.Qd4 Nc5 21.Bb5 Ba6 
22.Bxa6 Rxa6 23.Nxc5 dxc5 24.Qc4 Raa8 25.Bxf6 Qxf6 26.b3 Qd6 27.e4 1/2-1/2

[Event "Canada vs. Cuba"]
[Site "CCCA"]
[Date "2019.07.01"]
[Round "2"]
[White "Salcedo Mederos, Pablo"]
[Black "Sharpe, Sam"]
[Result "1/2-1/2"]
[WhiteElo "2409"]
[BlackElo "2390"]
[EventDate "2019.07.01"]
[Board "2"]
[WhiteTeam "Cuba"]
[BlackTeam "Canada"]

1.e4 e6 2.d4 d5 3.Nc3 Bb4 4.e5 c5 5.a3 Bxc3+ 6.bxc3 Ne7 7.Qg4 cxd4 8.Qxg7 
Rg8 9.Qxh7 Qc7 10.Ne2 dxc3 11.f4 Nbc6 12.h4 d4 13.h5 Bd7 14.h6 O-O-O 15.
Qd3 Kb8 16.h7 Rh8 17.Rb1 Bc8 18.g4 b6 19.Bg2 a5 20.Kf2 Ka7 21.Qc4 Ba6 22.
Qa4 Bxe2 23.Kxe2 d3+ 24.cxd3 Rd4 25.Qb3 Rxf4 26.Qxb6+ Qxb6 27.Rxb6 Rxg4 
28.Be3 Rxg2+ 29.Kf3 Nd5 30.Rxc6+ Nxe3 31.Rc7+ Ka6 32.Kxe3 Rg7 1/2-1/2

[Event "Canada vs. Cuba"]
[Site "CCCA"]
[Date "2019.07.01"]
[Round "1"]
[White "Prystenski, Arthur"]
[Black "Cruz Ramirez, Eliecer"]
[Result "0-1"]
[WhiteElo "2133"]
[BlackElo "2120"]
[EventDate "2019.07.01"]
[Board "9"]
[WhiteTeam "Canada"]
[BlackTeam "Cuba"]

1.d4 Nf6 2.c4 e6 3.Nf3 d5 4.g3 Be7 5.Bg2 O-O 6.O-O dxc4 7.Qa4 a6 8.Qxc4 b5
9.Qc2 Bb7 10.Bd2 Be4 11.Qc1 c6 12.Rd1 Nbd7 13.Nc3 Bg6 14.a3 Rc8 15.b4 Nd5 
16.Ne1 Bf6 17.e4 Bxd4 18.exd5 cxd5 19.Nf3 Bf6 20.Be1 Nb6 21.Qe3 Bc2 22.Rd4
Re8 23.Ne5 Nc4 24.Rxc4 bxc4 25.Ne2 Bd3 26.f4 Bxe5 27.fxe5 Bxe2 28.Qxe2 Re7
29.Rc1 Rec7 30.Bf2 d4 31.Qc2 f6 32.exf6 Qxf6 33.Rf1 Qe5 34.Re1 d3 35.Qd2 
Qf5 36.Be4 Qf6 37.Bc5 Rf7 38.Qe3 Rd8 39.Rd1 c3 40.Bxd3 Rfd7 41.Qe2 c2 42.
Bxc2 Rxd1+ 43.Bxd1 Qa1 44.Qxe6+ Kh8 45.Qxa6 Qxd1+ 46.Qf1 Qc2 0-1

[Event "Canada vs. Cuba"]
[Site "CCCA"]
[Date "2019.07.01"]
[Round "2"]
[White "Cruz Ramirez, Eliecer"]
[Black "Prystenski, Arthur"]
[Result "1/2-1/2"]
[WhiteElo "2120"]
[BlackElo "2133"]
[EventDate "2019.07.01"]
[Board "9"]
[WhiteTeam "Cuba"]
[BlackTeam "Canada"]

1.e4 e6 2.d4 d5 3.Nc3 Nf6 4.Bg5 Bb4 5.e5 h6 6.Bd2 Bxc3 7.bxc3 Ne4 8.Qg4 
Kf8 9.Bc1 c5 10.Bd3 Nxc3 11.dxc5 Qa5 12.Bd2 Qa4 13.h3 Ne4 14.Ne2 Nc6 15.
Bxe4 Nxe5 16.Nc3 Qxe4+ 17.Qxe4 dxe4 18.Nxe4 Bd7 19.Nd6 Bc6 20.O-O Ke7 21.
Bb4 Rab8 22.f4 Nd7 23.f5 e5 24.Rad1 f6 25.Rd3 Rhg8 26.Rfd1 Nf8 27.Ra3 a6 
28.Rad3 h5 29.R3d2 Nh7 30.Ba5 Ng5 31.Bc7 Ra8 32.Nxb7 1/2-1/2

[Event "Canada vs. Cuba"]
[Site "CCCA"]
[Date "2019.07.01"]
[Round "1"]
[White "Bowen, Francois"]
[Black "Carralero Rodríguez, Iván"]
[Result "0-1"]
[WhiteElo "1936"]
[BlackElo "2082"]
[EventDate "2019.07.01"]
[Board "11"]
[WhiteTeam "Canada"]
[BlackTeam "Cuba"]

1.f4 d5 2.Nf3 Nf6 3.c3 c5 4.g3 g6 5.Bg2 Bg7 6.O-O O-O 7.d3 Nc6 8.Na3 Rb8 
9.Ne5 Qc7 10.Nxc6 Qxc6 11.Qc2 b5 12.e4 dxe4 13.dxe4 e5 14.f5 Ba6 15.Bg5 b4
16.cxb4 Bxf1 17.Rxf1 h6 18.b5 Qd7 19.Rd1 Qc7 20.Be3 gxf5 21.exf5 Rbd8 22.
Re1 e4 23.Qxc5 Qd7 24.Bh3 Nd5 25.Qxa7 Bxb2 26.Qxd7 Rxd7 27.Nc4 Nxe3 28.
Nxb2 Rd2 29.Rxe3 Rxb2 30.Rxe4 Rxb5 31.a4 Rb2 32.f6 Rd8 33.Bf1 Rd1 34.h4 
Ra2 35.Rg4+ Kh8 36.Re4 Raa1 37.Rf4 Kh7 38.h5 Rd2 39.Rg4 Kh8 40.Re4 Ra3 41.
Be2 Rd6 42.Rf4 Rxg3+ 43.Kf2 Ra3 44.Bf3 Kg8 45.Be2 Kf8 46.Bf3 Rb6 47.Bd1 
Rb2+ 48.Ke1 Ke8 49.Rf3 Raa2 50.Rd3 Rg2 51.Re3+ Kd8 52.Rd3+ Kc7 53.Rf3 Rh2 
54.Rf4 Kd6 55.Rf3 Ke5 56.Re3+ Kd4 57.Rf3 Ra1 58.Rf4+ Ke5 59.Rf1 Rxh5 60.
Kd2 Rh2+ 61.Kc3 h5 62.Re1+ Kxf6 63.Rf1+ Kg7 0-1

[Event "Canada vs. Cuba"]
[Site "CCCA"]
[Date "2019.07.01"]
[Round "2"]
[White "Carralero Rodríguez, Iván"]
[Black "Bowen, Francois"]
[Result "1/2-1/2"]
[WhiteElo "2082"]
[BlackElo "1936"]
[EventDate "2019.07.01"]
[Board "11"]
[WhiteTeam "Cuba"]
[BlackTeam "Canada"]

1.e4 c5 2.Nf3 Nc6 3.d4 cxd4 4.Nxd4 Nf6 5.Nc3 e5 6.Ndb5 d6 7.Bg5 a6 8.Na3 
b5 9.Nd5 Be7 10.Bxf6 Bxf6 11.c3 O-O 12.Nc2 Rb8 13.h4 Be7 14.Nce3 Be6 15.a4
Qd7 16.Be2 Rfc8 17.axb5 axb5 18.g3 Bd8 19.O-O Ne7 20.Kh2 Qb7 21.Bg4 Nxd5 
22.Nxd5 Qd7 23.Bxe6 fxe6 24.Nb4 Bb6 25.Qd3 Rf8 26.f3 Ra8 27.Qe2 h6 28.Rad1
Ba5 29.Nd3 Qc7 30.Ra1 Qc4 31.Kg2 Bb6 32.Rxa8 Rxa8 33.Rd1 Kf7 34.Re1 Kg8 
35.Rd1 Kf7 36.Qc2 Qa4 37.Qd2 Qc4 38.Qe2 Bd8 39.Qc2 Bf6 40.Qf2 Qb3 41.Qe2 
1/2-1/2

[Event "Canada vs. Cuba"]
[Site "CCCA"]
[Date "2019.07.01"]
[Round "1"]
[White "Egan, Michael"]
[Black "Corujedo Hernández, Rafael"]
[Result "1/2-1/2"]
[WhiteElo "2210"]
[BlackElo "2219"]
[EventDate "2019.07.01"]
[Board "3"]
[WhiteTeam "Canada"]
[BlackTeam "Cuba"]

1.e3 e5 2.c4 Nf6 3.Nc3 Bb4 4.Nge2 c6 5.a3 Ba5 6.b4 Bc7 7.Bb2 O-O 8.d4 d6 
9.Ng3 Bg4 10.Be2 Bxe2 11.Ngxe2 Nbd7 12.Qb3 Nb6 13.O-O Qe7 14.Rfd1 exd4 15.
Rxd4 a5 16.Rc1 Rfe8 17.h3 axb4 18.axb4 h6 19.Nf4 Nbd7 20.Rdd1 Ne5 21.Nce2 
Ne4 22.f3 Nf6 23.Ng3 Ned7 24.Nf5 Qf8 25.Kh1 g6 26.Ng3 Rad8 27.Nfe2 Qe7 28.
e4 Bb8 29.Rc2 d5 30.exd5 cxd5 31.c5 Nf8 32.Rcd2 Be5 33.Bxe5 Qxe5 34.Qc3 
Ra8 35.Qxe5 Rxe5 36.Nd4 Ne6 37.Nge2 Nxd4 38.Nxd4 Re3 39.Rb1 Rc3 40.Nb5 
1/2-1/2

[Event "Canada vs. Cuba"]
[Site "CCCA"]
[Date "2019.07.01"]
[Round "2"]
[White "Corujedo Hernández, Rafael"]
[Black "Egan, Michael"]
[Result "0-1"]
[WhiteElo "2219"]
[BlackElo "2210"]
[EventDate "2019.07.01"]
[Board "3"]
[WhiteTeam "Cuba"]
[BlackTeam "Canada"]

1.e4 c6 2.d4 d5 3.Nc3 dxe4 4.Nxe4 Bf5 5.Ng3 Bg6 6.Nf3 Nf6 7.h4 Nh5 8.Ne2 
e6 9.Ne5 Nd7 10.Ng3 Nxe5 11.Nxh5 Bxh5 12.Qxh5 Qxd4 13.Qd1 Qe4+ 0-1

[Event "Canada vs. Cuba"]
[Site "CCCA"]
[Date "2019.07.01"]
[Round "1"]
[White "Giroux, Marc"]
[Black "Pulido Pino, Rubén"]
[Result "1-0"]
[WhiteElo "2170"]
[BlackElo "2159"]
[EventDate "2019.07.01"]
[Board "6"]
[WhiteTeam "Canada"]
[BlackTeam "Cuba"]

1.e4 c5 2.Nf3 Nc6 3.Bb5 g6 4.O-O Bg7 5.Re1 Nf6 6.Bxc6 bxc6 7.e5 Nd5 8.c4 
Nc7 9.Nc3 Ne6 10.d4 cxd4 11.Nxd4 O-O 12.Nxe6 fxe6 13.Qd4 Rf5 14.Bf4 Qb6 
15.c5 Qxb2 16.Bg3 Qa3 17.Rab1 Qa5 18.h3 Qc7 19.Qh4 Qd8 20.Rb3 Kh8 21.Ra3 
Qf8 22.Ra4 Bh6 23.Qd4 Qd8 24.Nd1 Kg7 25.Qc3 Kg8 26.Ne3 Bxe3 27.Qxe3 a6 28.
Bf4 Rb8 29.Bh6 a5 30.Qd2 Ba6 31.Ree4 1-0

[Event "Canada vs. Cuba"]
[Site "CCCA"]
[Date "2019.07.01"]
[Round "2"]
[White "Pulido Pino, Rubén"]
[Black "Giroux, Marc"]
[Result "1/2-1/2"]
[WhiteElo "2159"]
[BlackElo "2170"]
[EventDate "2019.07.01"]
[Board "6"]
[WhiteTeam "Cuba"]
[BlackTeam "Canada"]

1.e4 c5 2.Nf3 d6 3.d4 cxd4 4.Nxd4 Nf6 5.Nc3 a6 6.h3 e5 7.Nde2 b5 8.g4 b4 
9.Nd5 Nxd5 10.Qxd5 Ra7 11.Be3 Be6 12.Qd3 Rb7 13.Bg2 Be7 14.O-O O-O 15.Ng3 
g6 16.b3 Bg5 17.Bxg5 Qxg5 18.Ne2 Rb6 19.c3 bxc3 20.Rac1 Rc8 21.Rxc3 Rxc3 
22.Qxc3 Rc6 23.Qb4 1/2-1/2

[Event "Canada vs. Cuba"]
[Site "CCCA"]
[Date "2019.07.01"]
[Round "1"]
[White "Taylor, Bob"]
[Black "Cortés Lozano, Isdel"]
[Result "1/2-1/2"]
[WhiteElo "2147"]
[BlackElo "2130"]
[EventDate "2019.07.01"]
[Board "7"]
[WhiteTeam "Canada"]
[BlackTeam "Cuba"]

1.Nf3 Nf6 2.g3 d5 3.Bg2 c6 4.O-O Bf5 5.d3 e6 6.Nbd2 h6 7.Qe1 Be7 8.e4 Bh7 
9.Ne5 Qc7 10.f4 a5 11.a4 Na6 12.Qe2 O-O 13.Nb3 Nb4 14.c3 Na6 15.Kh1 Rad8 
16.g4 Qb6 17.Nd2 Bd6 18.exd5 exd5 19.Ndf3 Rde8 20.g5 hxg5 21.Nxg5 Qc7 22.
Qf2 Bf5 23.Qh4 Nc5 24.Rf3 Ng4 25.Nxg4 f6 26.Be3 fxg5 27.fxg5 Bg6 28.Rh3 
Kf7 29.Rf1+ Ke7 30.Rxf8 Rxf8 31.Ne5 Bxe5 32.Bxc5+ Bd6 33.Qd4 Kf7 34.Re3 
Kg8 35.Bxd5+ cxd5 36.Qxd5+ Qf7 37.Qxf7+ Rxf7 38.Bxd6 Rd7 39.Bc5 Rd5 40.Bb6
Bxd3 41.h4 Bc2 42.Kh2 Bxa4 43.Bd4 Kf7 44.Kg3 Bd7 45.Rf3+ Kg6 46.Re3 Kf7 
47.Be5 g6 48.Rf3+ Kg8 49.Re3 Kf7 50.Rf3+ Kg8 51.Bd4 Rf5 1/2-1/2

[Event "Canada vs. Cuba"]
[Site "CCCA"]
[Date "2019.07.01"]
[Round "2"]
[White "Cortés Lozano, Isdel"]
[Black "Taylor, Bob"]
[Result "1-0"]
[WhiteElo "2130"]
[BlackElo "2147"]
[EventDate "2019.07.01"]
[Board "7"]
[WhiteTeam "Cuba"]
[BlackTeam "Canada"]

1.e4 c5 2.Nf3 d6 3.d4 cxd4 4.Nxd4 Nf6 5.Nc3 Nc6 6.Bg5 e6 7.Qd2 a6 8.O-O-O 
Bd7 9.f4 Be7 10.Nf3 b5 11.Bxf6 gxf6 12.Kb1 Qa5 13.g4 h6 14.Rg1 Rc8 15.Rg3 
Nb4 16.Nd4 Nc6 17.Nb3 Qb6 18.Qd3 Qc7 19.a3 b4 20.axb4 Nxb4 21.Qd2 Rb8 22.
Nd4 Qb6 23.b3 Nc6 24.Nxc6 Qxc6 25.Qd4 a5 26.Kc1 Rb4 27.Bc4 Kf8 28.g5 hxg5 
29.fxg5 e5 30.Qd2 fxg5 31.Nd5 Rxc4 32.bxc4 1-0

[Event "Canada vs. Cuba"]
[Site "CCCA"]
[Date "2019.07.01"]
[Round "1"]
[White "Verde, Pino"]
[Black "Salcedo Mederos, Pablo"]
[Result "1/2-1/2"]
[WhiteElo "2477"]
[BlackElo "2409"]
[EventDate "2019.07.01"]
[Board "1"]
[WhiteTeam "Canada"]
[BlackTeam "Cuba"]

1.Nf3 d5 2.g3 c5 3.Bg2 Nc6 4.d4 Nf6 5.O-O cxd4 6.Nxd4 e5 7.Nxc6 bxc6 8.c4 
Be6 9.Qa4 Qd7 10.Nc3 Rc8 11.cxd5 cxd5 12.Qxd7+ Kxd7 13.Rd1 Bc5 14.Na4 h6 
15.Nxc5+ Rxc5 16.f4 e4 17.h3 Rc2 18.g4 Ke7 19.Be3 a5 20.Rd2 Rhc8 21.f5 Bd7
22.Rad1 a4 23.Kf2 Bb5 24.b3 axb3 25.axb3 R8c3 26.Rxc2 Rxc2 27.Rd2 Rxd2 28.
Bxd2 Nd7 29.Bb4+ Kd8 30.Ke3 Kc7 31.h4 f6 32.Bh3 Kc6 33.Bc3 Kd6 34.g5 hxg5 
35.hxg5 fxg5 1/2-1/2

[Event "Canada vs. Cuba"]
[Site "CCCA"]
[Date "2019.07.01"]
[Round "2"]
[White "Salcedo Mederos, Pablo"]
[Black "Verde, Pino"]
[Result "1/2-1/2"]
[WhiteElo "2409"]
[BlackElo "2477"]
[EventDate "2019.07.01"]
[Board "1"]
[WhiteTeam "Cuba"]
[BlackTeam "Canada"]

1.e4 g6 2.d4 Bg7 3.c4 d6 4.Nc3 e5 5.Nf3 exd4 6.Nxd4 Nc6 7.Be3 Nge7 8.h4 h5
9.Qd2 O-O 10.O-O-O f5 11.f3 f4 12.Bf2 Ne5 13.c5 a6 14.Nb3 Rf6 15.Be2 Kh7 
16.Kb1 Qg8 17.Qc1 Qf7 18.cxd6 cxd6 19.Qd2 Qg8 20.Nd4 b5 21.Qc2 b4 22.Na4 
Qd8 23.Nb3 Rb8 24.Ba7 Rb7 25.Bc5 Nf5 26.Nb6 Rc7 27.Qd2 Rxc5 28.Nxc8 Rxc8 
29.exf5 Rxf5 30.Nd4 Rf6 31.Bxa6 Rb8 32.Rhe1 Qd7 33.Bd3 1/2-1/2

[Event "Canada vs. Cuba"]
[Site "CCCA"]
[Date "2019.07.01"]
[Round "1"]
[White "Prystenski, Arthur"]
[Black "Jordán Rodríguez, Miguel Agustín"]
[Result "1/2-1/2"]
[WhiteElo "2133"]
[BlackElo "2124"]
[EventDate "2019.07.01"]
[Board "8"]
[WhiteTeam "Canada"]
[BlackTeam "Cuba"]

1.d4 Nf6 2.c4 e6 3.Nf3 d5 4.g3 Be7 5.Bg2 O-O 6.O-O dxc4 7.Qa4 a6 8.Qxc4 b5
9.Qc2 Bb7 10.Bd2 Ra7 11.Rc1 Be4 12.Qb3 Nc6 13.e3 Qa8 14.Qd1 b4 15.Be1 Nb8 
16.a3 bxa3 17.Nxa3 Nbd7 18.Nb1 c5 19.Bc3 Rc7 20.dxc5 Nxc5 21.Nbd2 Bb7 22.
Bd4 Rfc8 23.b4 Nce4 1/2-1/2

[Event "Canada vs. Cuba"]
[Site "CCCA"]
[Date "2019.07.01"]
[Round "2"]
[White "Jordán Rodríguez, Miguel Agustín"]
[Black "Prystenski, Arthur"]
[Result "1-0"]
[WhiteElo "2124"]
[BlackElo "2133"]
[EventDate "2019.07.01"]
[Board "8"]
[WhiteTeam "Cuba"]
[BlackTeam "Canada"]

1.e4 e6 2.d4 d5 3.Nc3 Nf6 4.e5 Nfd7 5.f4 c5 6.Nf3 Qb6 7.dxc5 Nxc5 8.Be3 a6
9.a3 Qc7 10.b4 Ncd7 11.Qd2 Be7 12.Bd3 O-O 13.O-O b5 14.Nd4 Nc6 15.Qf2 
Ncxe5 16.fxe5 Qxc3 17.Qg3 g6 18.h4 Qc7 19.Bf4 Kh8 20.Rae1 Rg8 21.Kh2 Bb7 
22.Bh6 Bf8 23.Bg5 Rg7 24.h5 gxh5 25.Qf4 Re8 26.Kh1 Kg8 27.Re3 f6 28.exf6 
Qxf4 29.Rxf4 Rf7 30.Be2 1-0

[Event "Canada vs. Cuba"]
[Site "CCCA"]
[Date "2019.07.01"]
[Round "1"]
[White "Green, Peter"]
[Black "Pupo Pérez, Héctor"]
[Result "1/2-1/2"]
[WhiteElo "2184"]
[BlackElo "2187"]
[EventDate "2019.07.01"]
[Board "4"]
[WhiteTeam "Canada"]
[BlackTeam "Cuba"]

1.Nf3 e6 2.b3 Nf6 3.Bb2 d5 4.e3 c5 5.Ne5 Bd6 6.f4 O-O 7.Be2 Bxe5 8.fxe5 
Nfd7 9.O-O Qg5 10.Rf4 Nc6 11.Bb5 Ndxe5 12.Bxc6 Ng6 13.Rg4 Qh5 14.Nc3 bxc6 
15.Ba3 e5 16.Ra4 Qg5 17.Bxc5 Re8 18.Qf3 a5 19.Rf1 Be6 20.Qf2 Qd8 21.d4 f6 
22.dxe5 Nxe5 23.e4 Qc8 24.h3 Qb7 25.Bb6 Nd7 26.Be3 Ne5 27.Rd1 h6 28.Bb6 
Ra6 29.Be3 Raa8 30.Bb6 Ra6 31.Bc5 Raa8 32.Bb6 Ra6 1/2-1/2

[Event "Canada vs. Cuba"]
[Site "CCCA"]
[Date "2019.07.01"]
[Round "2"]
[White "Pupo Pérez, Héctor"]
[Black "Green, Peter"]
[Result "1/2-1/2"]
[WhiteElo "2187"]
[BlackElo "2184"]
[EventDate "2019.07.01"]
[Board "4"]
[WhiteTeam "Cuba"]
[BlackTeam "Canada"]

1.d4 e6 2.c4 f5 3.Nc3 Bb4 4.g3 Nf6 5.Bg2 O-O 6.Qb3 c5 7.a3 Bxc3+ 8.Qxc3 
cxd4 9.Qxd4 d6 10.c5 d5 11.b4 Nc6 12.Qb2 b6 13.cxb6 axb6 14.Bg5 h6 15.Bf4 
Ne4 16.Nf3 Qf6 17.Qxf6 Rxf6 18.O-O Ba6 19.Rfc1 Bc4 20.a4 Rff8 21.b5 Na5 
22.Nd4 Nc5 23.Ra3 Ra7 24.Rb1 Kf7 25.Rb4 Rfa8 26.Be3 Kf6 27.f4 Nab7 28.Nc6 
Rxa4 29.Bd4+ Kf7 30.Ne5+ Ke7 31.Raxa4 Rxa4 32.Rxa4 Nxa4 33.Nxc4 dxc4 34.
Bxb7 c3 35.Be3 Nc5 36.Bg2 c2 37.Bc1 Nb3 38.Ba3+ Kf6 39.Bb2+ Ke7 1/2-1/2

[Event "Canada vs. Cuba"]
[Site "CCCA"]
[Date "2019.07.01"]
[Round "1"]
[White "Villeneuve, Robert"]
[Black "Pulido Pino, Rubén"]
[Result "1/2-1/2"]
[WhiteElo "2175"]
[BlackElo "2159"]
[EventDate "2019.07.01"]
[Board "5"]
[WhiteTeam "Canada"]
[BlackTeam "Cuba"]

1.d4 d5 2.c4 e6 3.Nc3 Nf6 4.cxd5 exd5 5.Bg5 c6 6.e3 Bf5 7.Qf3 Bg6 8.Bxf6 
Qxf6 9.Qxf6 gxf6 10.Nf3 Nd7 11.Nh4 O-O-O 12.f4 h5 13.Kf2 Re8 14.Be2 f5 15.
Bd3 Bb4 16.Kf3 Be7 17.Nxf5 Kb8 18.g3 Bb4 19.Rac1 Nb6 20.a3 Bxc3 21.Rxc3 
Re6 22.b3 Nc8 23.Ke2 a5 24.a4 Kc7 25.Rhc1 Rg8 26.Rc5 Kb6 27.Rf1 Rge8 28.
Rc3 Rf6 29.Nh4 Be4 30.Bxe4 Rxe4 31.Nf3 Nd6 32.Re1 Re7 33.Kd3 Rg6 34.Re2 
Rg8 35.Rc1 Kc7 36.Nd2 Rge8 37.Rce1 Ne4 38.Nxe4 Rxe4 39.Rc2 f5 40.Kd2 R4e6 
41.Kd3 Kd6 42.Rc3 R8e7 43.Ke2 h4 44.Kf3 hxg3 45.hxg3 Rh6 46.b4 axb4 47.Rb3
Rg7 48.Rxb4 Kc7 49.Reb1 Kb8 50.a5 1/2-1/2

[Event "Canada vs. Cuba"]
[Site "CCCA"]
[Date "2019.07.01"]
[Round "2"]
[White "Pulido Pino, Rubén"]
[Black "Villeneuve, Robert"]
[Result "1/2-1/2"]
[WhiteElo "2159"]
[BlackElo "2175"]
[EventDate "2019.07.01"]
[Board "5"]
[WhiteTeam "Cuba"]
[BlackTeam "Canada"]

1.e4 c5 2.Nf3 d6 3.d4 cxd4 4.Nxd4 Nf6 5.Nc3 a6 6.g3 e5 7.Nde2 Be7 8.Bg2 b5
9.Nd5 Nbd7 10.Nec3 Nb6 11.Nxe7 Qxe7 12.Bg5 O-O 13.Qf3 Be6 14.Bxf6 Qxf6 15.
Qxf6 gxf6 16.a3 Rac8 17.O-O-O Rc6 18.Rd3 Rfc8 19.Rhd1 1/2-1/2

[Event "Canada vs. Cuba"]
[Site "CCCA"]
[Date "2019.07.01"]
[Round "1"]
[White "Rosenhek, Marvin"]
[Black "Reyes Sablón, Alberto"]
[Result "0-1"]
[WhiteElo "1985"]
[BlackElo "2092"]
[EventDate "2019.07.01"]
[Board "10"]
[WhiteTeam "Canada"]
[BlackTeam "Cuba"]

1.e4 c5 2.Nf3 d6 3.d4 cxd4 4.Nxd4 Nf6 5.Nc3 a6 6.Be3 e5 7.Nb3 Be7 8.f3 Be6
9.Qd2 O-O 10.O-O-O Nbd7 11.g4 b5 12.g5 Nh5 13.Nd5 Bxd5 14.exd5 f5 15.gxf6 
Bxf6 16.Na5 Nf4 17.Nc6 Qc7 18.Rg1 Nb6 19.Bxf4 exf4 20.Kb1 Rae8 21.c3 Re3 
22.Rg4 Rxf3 23.Bd3 g5 24.Qg2 Rxd3 25.Rxd3 Qg7 26.Qe4 h5 27.Rg1 Qh7 28.Qe6+
Kg7 29.Rd1 Nc4 30.Kc1 g4 31.b3 Ne3 32.R1d2 Nf5 33.b4 f3 0-1

[Event "Canada vs. Cuba"]
[Site "CCCA"]
[Date "2019.07.01"]
[Round "2"]
[White "Reyes Sablón, Alberto"]
[Black "Rosenhek, Marvin"]
[Result "1/2-1/2"]
[WhiteElo "2092"]
[BlackElo "1985"]
[EventDate "2019.07.01"]
[Board "10"]
[WhiteTeam "Cuba"]
[BlackTeam "Canada"]

1.d4 Nf6 2.c4 e6 3.Nf3 d5 4.Nc3 c6 5.e3 Nbd7 6.Bd3 dxc4 7.Bxc4 b5 8.Be2 
Bb7 9.O-O Be7 10.a3 a5 11.b3 O-O 12.Nd2 b4 13.axb4 axb4 14.Na4 c5 15.Bb2 
cxd4 16.Bxd4 e5 17.Bb2 Qc7 18.Bf3 e4 19.Rc1 Qd6 20.Be2 Rfd8 21.Bd4 Qe6 22.
Qc2 h6 23.Rfd1 Rdc8 24.Qb2 Bf8 25.h3 Rab8 26.Rxc8 Rxc8 27.Nc4 Nd5 28.Na5 
Ba8 29.Bb5 Rb8 30.Bc4 Qf5 31.Be2 Qg5 32.Nc4 Kh7 33.Bf1 f5 34.Ne5 Nxe5 35.
Bxe5 Rd8 36.g3 Qg6 37.Kh2 h5 38.h4 Be7 39.Bh3 Bc6 40.Bd4 1/2-1/2